[Event "PAR-ch"]
[Site "Asuncion"]
[Date "2011.10.09"]
[Round "9"]
[White "Ferreira, Oscar"]
[Black "Villalba, Marcelo"]
[Result "1/2-1/2"]
[WhiteElo "2286"]
[BlackElo "2195"]
[PlyCount "20"]
[EventDate "2011.09.23"]
[EventType "swiss"]
[EventRounds "9"]
[EventCountry "PAR"]
[SourceTitle "CBM 144 Extra"]
[Source "ChessBase"]
[SourceDate "2011.10.28"]
[SourceVersion "1"]
[SourceVersionDate "2011.10.28"]
[SourceQuality "1"]

1. Nf3 c6 2. d4 d5 3. c4 Nf6 4. cxd5 cxd5 5. Nc3 g6 6. Bf4 Nc6 7. e3 Bg7 8. h3 0-0 9. Rc1 e6 10. Bd3 Re8 1/2-1/2

[Event "PAR-ch"]
[Site "Asuncion"]
[Date "2011.10.08"]
[Round "8"]
[White "Vargas Reyes, Ana Gabriela"]
[Black "Ferreira, Oscar"]
[Result "1/2-1/2"]
[WhiteElo "2076"]
[BlackElo "2286"]
[PlyCount "24"]
[EventDate "2011.09.23"]
[EventType "swiss"]
[EventRounds "9"]
[EventCountry "PAR"]
[SourceTitle "CBM 144 Extra"]
[Source "ChessBase"]
[SourceDate "2011.10.28"]
[SourceVersion "1"]
[SourceVersionDate "2011.10.28"]
[SourceQuality "1"]

1. d4 Nf6 2. c4 g6 3. Nc3 Bg7 4. e4 0-0 5. Nf3 d6 6. Be2 e5 7. dxe5 dxe5 8. Qxd8 Rxd8 9. Nd5 Nxd5 10. cxd5 c6 11. Bc4 b5 12. Bb3 a5 1/2-1/2

[Event "PAR-ch"]
[Site "Asuncion"]
[Date "2011.09.29"]
[Round "4"]
[White "Lipiniks, Leonardo"]
[Black "Ferreira, Oscar"]
[Result "0-1"]
[WhiteElo "1848"]
[BlackElo "2286"]
[PlyCount "68"]
[EventDate "2011.09.23"]
[EventType "swiss"]
[EventRounds "9"]
[EventCountry "PAR"]
[SourceTitle "CBM 144 Extra"]
[Source "ChessBase"]
[SourceDate "2011.10.28"]
[SourceVersion "1"]
[SourceVersionDate "2011.10.28"]
[SourceQuality "1"]

1. d4 Nf6 2. c4 g6 3. Nc3 Bg7 4. Nf3 0-0 5. g3 d6 6. Bg2 Nc6 7. b3 a6 8. 0-0 Rb8 9. a4 a5 10. Ba3 Bd7 11. e4 Bg4 12. h3 Bxf3 13. Bxf3 Nd7 14. Ne2 e5 15. d5 Ne7 16. b4 axb4 17. Bxb4 b6 18. Bc3 Nc5 19. Bg2 f5 20. exf5 Nxf5 21. Ra3 Qd7 22. g4 Nh4 23. Bd2 Nxg2 24. Kxg2 Ra8 25. a5 b5 26. cxb5 Qxb5 27. Ng3 Rfb8 28. Bc3 Nd3 29. Kh2 Nf4 30. Qf3 Rf8 31. Qe4 Nxd5 32. f4 Nxc3 33. Rxc3 exf4 34. Rxf4 Bxc3 0-1

[Event "PAR-ch"]
[Site "Asuncion"]
[Date "2011.09.25"]
[Round "3"]
[White "Ferreira, Oscar"]
[Black "Recalde, Ariel"]
[Result "1/2-1/2"]
[WhiteElo "2286"]
[BlackElo "2000"]
[PlyCount "69"]
[EventDate "2011.09.23"]
[EventType "swiss"]
[EventRounds "9"]
[EventCountry "PAR"]
[SourceTitle "CBM 144 Extra"]
[Source "ChessBase"]
[SourceDate "2011.10.28"]
[SourceVersion "1"]
[SourceVersionDate "2011.10.28"]
[SourceQuality "1"]

1. d4 d5 2. Nf3 c5 3. c4 e6 4. cxd5 exd5 5. g3 Nf6 6. Bg2 Nc6 7. Nc3 Be6 8. 0-0 Be7 9. b3 0-0 10. Bb2 Rc8 11. dxc5 Bxc5 12. Na4 Be7 13. Rc1 Ne4 14. Nd4 Nxd4 15. Qxd4 Bf6 16. Rxc8 Qxc8 17. Qxa7 Bxb2 18. Nxb2 Qc2 19. Nd3 Qxe2 20. Nf4 Qc2 21. Qxb7 Nd2 22. Re1 Qc3 23. Rd1 Qc2 24. Re1 Qc3 25. Nxd5 Nf3+ 26. Bxf3 Qxe1+ 27. Kg2 Qb1 28. a4 g5 29. Qe7 Qf5 30. g4 Qg6 31. Nf6+ Kg7 32. Nh5+ Kg8 33. Nf6+ Kg7 34. Ne8+ Kg8 35. Nf6+ 1/2-1/2

[Event "PAR-ch"]
[Site "Asuncion"]
[Date "2011.09.24"]
[Round "2"]
[White "Butti, Enrique"]
[Black "Ferreira, Oscar"]
[Result "1/2-1/2"]
[WhiteElo "2033"]
[BlackElo "2286"]
[PlyCount "50"]
[EventDate "2011.09.23"]
[EventType "swiss"]
[EventRounds "9"]
[EventCountry "PAR"]
[SourceTitle "CBM 144 Extra"]
[Source "ChessBase"]
[SourceDate "2011.10.28"]
[SourceVersion "1"]
[SourceVersionDate "2011.10.28"]
[SourceQuality "1"]

1. e4 d5 2. exd5 Qxd5 3. Nc3 Qd6 4. Nf3 Nf6 5. g3 Bg4 6. Bg2 Qe6+ 7. Ne2 c6 8. 0-0 Qc8 9. Nf4 Nbd7 10. h3 Bxf3 11. Qxf3 e6 12. b3 Be7 13. Bb2 0-0 14. Rfe1 Re8 15. h4 Nd5 16. Bh3 Nxf4 17. Qxf4 Bf6 18. Bxf6 Nxf6 19. d4 Qd7 20. c4 Rad8 21. Rad1 Qd6 22. Qe5 Re7 23. Qe2 Qb4 24. Rd2 Red7 25. Red1 a5 1/2-1/2

[Event "Asuncion Roggio Cup-B 3rd"]
[Site "Asuncion"]
[Date "2010.05.22"]
[Round "3"]
[White "Ferreira, Oscar"]
[Black "Peralta, Eduardo"]
[Result "1-0"]
[WhiteElo "2282"]
[BlackElo "2280"]
[PlyCount "71"]
[EventDate "2010.05.20"]
[EventType "tourn"]
[EventRounds "9"]
[EventCountry "PAR"]
[EventCategory "2"]
[SourceTitle "CBM 136 Extra"]
[Source "ChessBase"]
[SourceDate "2010.07.02"]
[SourceVersion "2"]
[SourceVersionDate "2010.07.15"]
[SourceQuality "1"]

1. d4 Nf6 2. Nf3 g6 3. c4 c5 4. Nc3 Bg7 5. d5 0-0 6. e4 d6 7. h3 e6 8. Bd3 a6 9. a4 Nbd7 10. dxe6 fxe6 11. 0-0 Nh5 12. Be2 Nb8 13. e5 dxe5 14. Qxd8 Rxd8 15. Be3 Nf4 16. Rfd1 Rxd1+ 17. Rxd1 Nc6 18. Bxc5 e4 19. Nd4 Bxd4 20. Bxd4 e5 21. Be3 Nxe2+ 22. Nxe2 Be6 23. Nc3 Bxc4 24. Rd7 Rd8 25. Rxb7 Bd3 26. Bh6 Nd4 27. Rg7+ Kh8 28. Rb7 Nf5 29. Nd5 Bc4 30. Nf6 Bg8 31. Bg5 h6 32. Be3 g5 33. b4 Rd6 34. Nxe4 Rd1+ 35. Kh2 Nd6 36. Rd7 1-0

[Event "PAR-ch"]
[Site "Asuncion"]
[Date "2008.06.15"]
[Round "6"]
[White "Ferreira, Oscar"]
[Black "Kropff, Ricardo"]
[Result "1/2-1/2"]
[WhiteElo "2290"]
[BlackElo "2282"]
[PlyCount "20"]
[EventDate "2008.05.31"]
[EventType "swiss"]
[EventRounds "11"]
[EventCountry "PAR"]
[SourceTitle "CBM 124 Extra"]
[Source "ChessBase"]
[SourceDate "2008.07.03"]
[SourceVersion "1"]
[SourceVersionDate "2008.07.03"]
[SourceQuality "1"]

1. Nf3 Nf6 2. d4 d5 3. c4 e6 4. e3 Be7 5. Bd3 0-0 6. 0-0 dxc4 7. Bxc4 a6 8. Qe2 b5 9. Bd3 Nbd7 10. Rd1 Bb7 1/2-1/2

[Event "PAR-ch"]
[Site "Asuncion"]
[Date "2008.05.31"]
[Round "1"]
[White "Recalde, Ariel"]
[Black "Ferreira, Oscar"]
[Result "0-1"]
[WhiteElo "2010"]
[BlackElo "2290"]
[PlyCount "94"]
[EventDate "2008.05.31"]
[EventType "swiss"]
[EventRounds "11"]
[EventCountry "PAR"]
[SourceTitle "CBM 124 Extra"]
[Source "ChessBase"]
[SourceDate "2008.07.03"]
[SourceVersion "1"]
[SourceVersionDate "2008.07.03"]
[SourceQuality "1"]

1. c4 e5 2. Nc3 Nf6 3. Nf3 Nc6 4. g3 d5 5. cxd5 Nxd5 6. Bg2 Nb6 7. 0-0 Be7 8. d3 Be6 9. a3 0-0 10. b4 a5 11. b5 Nd4 12. Nxd4 exd4 13. Ne4 a4 14. Nd2 Bd5 15. Bxd5 Qxd5 16. Rb1 Qa2 17. Bb2 Rfd8 18. Nf3 Bxa3 19. Bxd4 Qe6 20. Ra1 Bf8 21. Qc2 Nd5 22. e4 Nf4 23. Be3 Nxd3 24. Ng5 Qg6 25. Rfd1 h6 26. Rxd3 Rxd3 27. Qxd3 hxg5 28. Qd5 c6 29. bxc6 bxc6 30. Qxg5 Qxe4 31. Qf4 Qd5 32. Qd4 a3 33. Qxd5 cxd5 34. Kf1 f6 35. Ke2 Kf7 36. Kd3 Bd6 37. Ra2 Ke6 38. Bd4 g5 39. Re2+ Kf7 40. Ra2 g4 41. f3 gxf3 42. Ke3 Ra4 43. g4 Ke6 44. h4 Rb4 45. h5 Rb3+ 46. Kd2 Be5 47. Kc2 Bxd4 0-1

[Event "Olavarria Magistral op 5th"]
[Site "Olavarria"]
[Date "2005.02.27"]
[Round "7"]
[White "Rodi, Luis Ernesto"]
[Black "Ferreira, Oscar"]
[Result "1-0"]
[WhiteElo "2258"]
[BlackElo "2278"]
[PlyCount "31"]
[EventDate "2005.02.24"]
[EventType "swiss"]
[EventRounds "7"]
[EventCountry "ARG"]
[SourceTitle "CBM 105 Extra"]
[Source "ChessBase"]
[SourceDate "2005.05.01"]
[SourceVersion "1"]
[SourceVersionDate "2005.05.01"]
[SourceQuality "1"]

1. d4 Nf6 2. Bg5 e6 3. e4 h6 4. Bxf6 Qxf6 5. c3 Qd8 6. Bd3 d6 7. f4 c5 8. Nf3 d5 9. exd5 Qxd5 10. 0-0 Be7 11. Bc2 0-0 12. Qd3 g6 13. Ne5 Re8 14. Nxf7 Kxf7 15. Qxg6+ Kf8 16. f5 1-0

[Event "Olavarria Magistral op 5th"]
[Site "Olavarria"]
[Date "2005.02.26"]
[Round "6"]
[White "Ferreira, Oscar"]
[Black "Arambel, Sergio Javier"]
[Result "0-1"]
[WhiteElo "2278"]
[BlackElo "2296"]
[PlyCount "146"]
[EventDate "2005.02.24"]
[EventType "swiss"]
[EventRounds "7"]
[EventCountry "ARG"]
[SourceTitle "CBM 105 Extra"]
[Source "ChessBase"]
[SourceDate "2005.05.01"]
[SourceVersion "1"]
[SourceVersionDate "2005.05.01"]
[SourceQuality "1"]

1. Nf3 c5 2. c4 g6 3. Nc3 Bg7 4. g3 Nc6 5. Bg2 d6 6. 0-0 e5 7. Rb1 Nge7 8. a3 a5 9. Ne1 Be6 10. d3 0-0 11. Nc2 Rb8 12. Ne3 Qd7 13. Re1 Nd4 14. b4 axb4 15. axb4 cxb4 16. Rxb4 b5 17. cxb5 Nxb5 18. Nxb5 Rxb5 19. Qa4 Rxb4 20. Qxb4 d5 21. Ba3 Nc6 22. Qa4 Rb8 23. Rc1 Nd4 24. Qxd7 Bxd7 25. Kf1 Nb5 26. Be7 d4 27. Nd5 Nc3 28. Nxc3 dxc3 29. Ke1 e4 30. Bxe4 Ba4 31. Bc5 Rd8 32. Ba3 f5 33. Bf3 Bb3 34. Rb1 Ba2 35. Rb7 Bf7 36. Kd1 Ra8 37. Rxf7 Rxa3 38. Bd5 Kh8 39. Re7 Ra1+ 40. Kc2 h5 41. Bf7 Bf6 42. Re8+ Kg7 43. Bd5 Rf1 44. f4 h4 45. Rg8+ Kh7 46. Rf8 Bg7 47. Re8 hxg3 48. hxg3 Rg1 49. e3 Re1 50. Re6 Re2+ 51. Kc1 Re1+ 52. Kc2 Re2+ 53. Kc1 Bf8 54. Bb3 Ba3+ 55. Kd1 Rd2+ 56. Ke1 Rb2 57. Ba4 c2 58. Bxc2 Rxc2 59. e4 fxe4 60. dxe4 Rg2 61. Kf1 Rxg3 62. Kf2 Rb3 63. Rc6 Bf8 64. Rf6 Bc5+ 65. Kg2 Bd4 66. Rd6 Be3 67. Rd7+ Kh6 68. Kf3 Bd2+ 69. Kg4 Be1 70. f5 Rg3+ 71. Kf4 g5+ 72. Ke5 Bc3+ 73. Ke6 Re3 0-1

[Event "Olavarria Magistral op 5th"]
[Site "Olavarria"]
[Date "2005.02.25"]
[Round "2"]
[White "Ferreira, Oscar"]
[Black "Bianchi, Albino Angel"]
[Result "1-0"]
[WhiteElo "2278"]
[BlackElo "2180"]
[PlyCount "65"]
[EventDate "2005.02.24"]
[EventType "swiss"]
[EventRounds "7"]
[EventCountry "ARG"]
[SourceTitle "CBM 105 Extra"]
[Source "ChessBase"]
[SourceDate "2005.05.01"]
[SourceVersion "1"]
[SourceVersionDate "2005.05.01"]
[SourceQuality "1"]

1. Nf3 Nf6 2. c4 g6 3. Nc3 Bg7 4. e4 0-0 5. d4 d6 6. h3 c5 7. d5 e6 8. Bd3 exd5 9. exd5 Re8+ 10. Be3 Na6 11. 0-0 Nc7 12. Qd2 Nd7 13. Bg5 Bf6 14. Qf4 Bxg5 15. Nxg5 Ne5 16. Qh4 h5 17. Be2 f6 18. Nge4 f5 19. Ng5 Nf7 20. f4 Nxg5 21. fxg5 Re5 22. g4 hxg4 23. hxg4 f4 24. Rxf4 Qxg5 25. Qxg5 Rxg5 26. Raf1 Bd7 27. Ne4 Re5 28. Bd3 Re7 29. Nxd6 Re3 30. Bxg6 Rg3+ 31. Kh2 Rxg4 32. Rxg4 Bxg4 33. Rg1 1-0

[Event "Olympiad-36"]
[Site "Mallorca"]
[Date "2004.10.25"]
[Round "10"]
[White "Ferreira, Oscar"]
[Black "Pierrot, Juan Facundo"]
[Result "1/2-1/2"]
[WhiteElo "2284"]
[BlackElo "2436"]
[PlyCount "128"]
[EventDate "2004.10.15"]
[EventType "team-swiss"]
[EventRounds "14"]
[EventCountry "ESP"]
[SourceTitle "CBM 104"]
[Source "ChessBase"]
[SourceDate "2005.01.27"]
[SourceVersion "1"]
[SourceVersionDate "2005.01.27"]
[SourceQuality "1"]
[WhiteTeam "Paraguay"]
[BlackTeam "Argentina"]
[WhiteTeamCountry "PAR"]
[BlackTeamCountry "ARG"]

1. Nf3 c5 2. g3 Nc6 3. d4 cxd4 4. Nxd4 g6 5. c4 Bg7 6. Nc2 d6 7. Bg2 Nf6 8. Nc3 0-0 9. 0-0 Bd7 10. Qd2 a6 11. b3 Qa5 12. Bb2 Rac8 13. Rfd1 b5 14. cxb5 axb5 15. Bxc6 Rxc6 16. Nd5 Qd8 17. Nxf6+ exf6 18. Nb4 Rc8 19. Qxd6 Be6 20. Qxd8 Rfxd8 21. Rxd8+ Rxd8 22. Nd3 Bf5 23. Rd1 Ra8 24. a3 Re8 25. Kf1 Bh3+ 26. Ke1 Bg4 27. Rd2 Rc8 28. f3 Be6 29. b4 Bc4 30. Nc5 Ra8 31. Rc2 Ra7 32. Kf2 Bf8 33. Ne4 f5 34. Nf6+ Kg7 35. Nd7+ Kg8 36. Nf6+ Kg7 37. Ng4+ Kg8 38. Ne3 Be6 39. Rd2 f6 40. Nd5 Kf7 41. Ne3 Be7 42. Rd3 g5 43. Bd4 Rc7 44. Rc3 Rxc3 45. Bxc3 h5 46. Bd4 Bd6 47. Nd1 f4 48. Nc3 fxg3+ 49. hxg3 Bd7 50. Ne4 Be7 51. Nc3 Ke6 52. e4 Bc6 53. f4 Bd6 54. Ke3 gxf4+ 55. gxf4 f5 56. Bc5 Bb8 57. Ne2 Bxe4 58. Ng3 h4 59. Nxe4 fxe4 60. Kxe4 h3 61. f5+ Kf7 62. Bg1 h2 63. Bxh2 Bxh2 64. Kd5 Bf4 1/2-1/2

[Event "Olympiad-36"]
[Site "Mallorca"]
[Date "2004.10.24"]
[Round "9"]
[White "Ferreira, Oscar"]
[Black "Ziyaev, Negmat"]
[Result "1/2-1/2"]
[WhiteElo "2284"]
[BlackElo "2295"]
[PlyCount "89"]
[EventDate "2004.10.15"]
[EventType "team-swiss"]
[EventRounds "14"]
[EventCountry "ESP"]
[SourceTitle "CBM 104"]
[Source "ChessBase"]
[SourceDate "2005.01.27"]
[SourceVersion "1"]
[SourceVersionDate "2005.01.27"]
[SourceQuality "1"]
[WhiteTeam "Paraguay"]
[BlackTeam "Tajikistan"]
[WhiteTeamCountry "PAR"]
[BlackTeamCountry "TJK"]

1. c4 e6 2. Nc3 d5 3. d4 c5 4. cxd5 exd5 5. Nf3 Nc6 6. g3 Nf6 7. Bg2 Be7 8. 0-0 0-0 9. b3 Bg4 10. dxc5 Bxc5 11. Bb2 Re8 12. Rc1 Be7 13. Nd4 Rc8 14. h3 Be6 15. Na4 Nxd4 16. Qxd4 b6 17. Kh2 Qd7 18. Rxc8 Rxc8 19. Rc1 Rxc1 20. Bxc1 Qc6 21. Qc3 Qd7 22. Bb2 h5 23. h4 Ng4+ 24. Kg1 Bf6 25. Qd2 d4 26. Ba3 Qb5 27. Bf3 g6 28. Bc1 Bf5 29. Nb2 Ne5 30. Bg2 Qa6 31. Nd1 Bg4 32. Bf1 d3 33. Nc3 Qa5 34. Ne4 Qxd2 35. Nxf6+ Kg7 36. Bxd2 Kxf6 37. f4 Nc6 38. e4 Be2 39. Bxe2 dxe2 40. Kf2 b5 41. Kxe2 Ke6 42. Bc3 f5 43. Kd3 a6 44. a4 Kd6 45. a5 1/2-1/2

[Event "Asuncion Mayor op"]
[Site "Asuncion"]
[Date "2001.??.??"]
[Round "5"]
[White "Butti, Enrique"]
[Black "Ferreira, Oscar"]
[Result "1/2-1/2"]
[WhiteElo "2218"]
[BlackElo "2268"]
[PlyCount "55"]
[EventDate "2001.07.??"]
[EventType "swiss"]
[EventRounds "11"]
[EventCountry "PAR"]
[SourceTitle "EXT 2003"]
[Source "ChessBase"]
[SourceDate "2002.11.25"]
[SourceVersion "1"]
[SourceVersionDate "2002.11.25"]
[SourceQuality "1"]

1. e4 c5 2. d3 Nc6 3. g3 d5 4. Nd2 g6 5. Bg2 e6 6. f4 Bg7 7. Ngf3 Nge7 8. 0-0 0-0 9. Re1 dxe4 10. dxe4 b6 11. e5 Bb7 12. Ne4 Qxd1 13. Rxd1 Rad8 14. Be3 Nf5 15. Bf2 Rxd1+ 16. Rxd1 Rd8 17. Rxd8+ Nxd8 18. Nfd2 h5 19. h3 Bf8 20. g4 hxg4 21. hxg4 Ne7 22. c4 Nec6 23. Nd6 Ba6 24. N2e4 Be7 25. a3 Kf8 26. g5 Na5 27. Bf1 Ndc6 28. Bd3 1/2-1/2

[Event "Asuncion Mayor op"]
[Site "Asuncion"]
[Date "2001.??.??"]
[Round "6"]
[White "Ferreira, Oscar"]
[Black "Galeano, Mario"]
[Result "1-0"]
[WhiteElo "2268"]
[BlackElo "2089"]
[PlyCount "143"]
[EventDate "2001.07.??"]
[EventType "swiss"]
[EventRounds "11"]
[EventCountry "PAR"]
[SourceTitle "EXT 2003"]
[Source "ChessBase"]
[SourceDate "2002.11.25"]
[SourceVersion "1"]
[SourceVersionDate "2002.11.25"]
[SourceQuality "1"]

1. Nf3 d5 2. d4 Nf6 3. c4 e6 4. cxd5 exd5 5. Nc3 Be7 6. Bg5 Nbd7 7. e3 0-0 8. Bd3 h6 9. Bf4 a6 10. Qc2 c5 11. h3 b5 12. dxc5 Nxc5 13. 0-0 Nxd3 14. Qxd3 Bb7 15. Rfd1 b4 16. Ne2 Ne4 17. Ned4 Bd6 18. Bxd6 Qxd6 19. Nb3 a5 20. Qxe4 dxe4 21. Rxd6 exf3 22. Nc5 Bc8 23. Rad1 fxg2 24. Kxg2 a4 25. R1d4 Ra5 26. Rc6 Rb5 27. Kg3 a3 28. b3 Bb7 29. Rc7 Bc8 30. h4 g6 31. Nd3 Be6 32. Rxb4 Rxb4 33. Nxb4 Ra8 34. Nc2 Bf5 35. Nd4 Bb1 36. Rc1 Bd3 37. Rd1 Be4 38. f3 Bb7 39. Rc1 Ba6 40. Rc3 Bf1 41. Kf2 Bh3 42. e4 Kf8 43. Ke3 Ke8 44. Rc7 Bd7 45. Rc5 Ke7 46. Kd2 f6 47. f4 Rb8 48. e5 fxe5 49. Rxe5+ Kd6 50. Ra5 Rf8 51. Ke3 Re8+ 52. Kf3 Bc8 53. Rxa3 Bb7+ 54. Kf2 Re4 55. Ne2 Kc5 56. Ra5+ Kb6 57. Re5 Rxe5 58. fxe5 Kc5 59. Ke3 g5 60. hxg5 hxg5 61. Nc3 Bc6 62. Ne4+ Kd5 63. Nxg5 Kxe5 64. Nf3+ Kd6 65. Ne1 Kc5 66. Kd2 Be8 67. Kc3 Kb5 68. Nc2 Bd7 69. Ne3 Be8 70. Nc4 Bd7 71. a4+ Kc5 72. b4+ 1-0

[Event "Olympiad-34"]
[Site "Istanbul"]
[Date "2000.10.30"]
[Round "3.2"]
[White "Ferreira, Oscar"]
[Black "Ma, Ernesto"]
[Result "1-0"]
[WhiteElo "2266"]
[BlackElo "2200"]
[PlyCount "95"]
[EventDate "2000.10.28"]
[EventType "team-swiss"]
[EventRounds "14"]
[EventCountry "TUR"]
[SourceTitle "EXT 2001"]
[Source "ChessBase"]
[SourceDate "2000.11.22"]
[SourceVersion "1"]
[SourceVersionDate "2000.11.22"]
[SourceQuality "1"]
[WhiteTeam "Paraguay"]
[BlackTeam "Macau"]
[WhiteTeamCountry "PAR"]
[BlackTeamCountry "MAC"]

1. Nf3 Nf6 2. c4 e6 3. g3 c5 4. Bg2 Nc6 5. 0-0 Be7 6. Nc3 0-0 7. d4 d5 8. cxd5 Nxd5 9. Nxd5 exd5 10. dxc5 Bxc5 11. Bg5 f6 12. Bf4 Be6 13. Qa4 Qe7 14. Rac1 Rac8 15. a3 a5 16. Rfd1 Rfd8 17. Ne1 b6 18. Nd3 Nd4 19. Rd2 Nf5 20. Nxc5 Rxc5 21. Rxc5 Qxc5 22. Rc2 Qd4 23. Qxd4 Nxd4 24. Rd2 Nb3 25. Rd1 Rd7 26. h4 h6 27. h5 Kf7 28. Kf1 g5 29. hxg6+ Kxg6 30. Bf3 f5 31. Kg2 Nc5 32. Rh1 Rh7 33. Bh5+ Kf6 34. Be8 Ke7 35. Bg6 Rg7 36. Rxh6 b5 37. Be5 Rg8 38. Rh7+ Kd8 39. Bh5 b4 40. Ra7 bxa3 41. bxa3 Nb3 42. e3 Nd2 43. Rxa5 Nc4 44. Ra6 Bc8 45. Bf6+ Kc7 46. Ra7+ Bb7 47. Bf7 Ra8 48. Rxb7+ 1-0

[Event "PAR-ch Mayor"]
[Site "Asuncion"]
[Date "1998.06.20"]
[Round "8"]
[White "Patriarca, Luis"]
[Black "Ferreira, Oscar"]
[Result "1-0"]
[WhiteElo "2295"]
[BlackElo "2290"]
[PlyCount "69"]
[EventDate "1998.06.11"]
[EventType "swiss"]
[EventRounds "11"]
[EventCountry "PAR"]
[SourceTitle "EXT 2002"]
[Source "ChessBase"]
[SourceDate "2001.11.25"]
[SourceVersion "1"]
[SourceVersionDate "2001.11.25"]
[SourceQuality "1"]

1. d4 Nf6 2. c4 g6 3. Nc3 Bg7 4. e4 d6 5. f4 c5 6. dxc5 Qa5 7. Bd3 Qxc5 8. Qe2 Bg4 9. Nf3 Nc6 10. Be3 Qa5 11. 0-0 0-0 12. Rac1 Nd7 13. Qf2 Bxf3 14. gxf3 Rfe8 15. Kh1 Rac8 16. Rg1 a6 17. Rg5 Qd8 18. b3 e6 19. Ne2 Bf6 20. Rgg1 Qa5 21. Bb1 Qh5 22. Rcd1 Be7 23. e5 Bf8 24. Rg4 Ndxe5 25. fxe5 Nxe5 26. Rg3 Be7 27. Nf4 Qh4 28. Ng2 Qh5 29. Nf4 Qh4 30. Nd3 Nxd3 31. Bxd3 Qh5 32. Qg2 b5 33. Rh3 Qe5 34. f4 Qc3 35. cxb5 1-0

[Event "PAR-ch Mayor"]
[Site "Asuncion"]
[Date "1998.06.13"]
[Round "4"]
[White "Ferreira, Oscar"]
[Black "Lipiniks, Leonardo"]
[Result "1-0"]
[WhiteElo "2290"]
[BlackElo "2155"]
[PlyCount "102"]
[EventDate "1998.06.11"]
[EventType "swiss"]
[EventRounds "11"]
[EventCountry "PAR"]
[SourceTitle "EXT 2002"]
[Source "ChessBase"]
[SourceDate "2001.11.25"]
[SourceVersion "1"]
[SourceVersionDate "2001.11.25"]
[SourceQuality "1"]

1. d4 d5 2. c4 c6 3. cxd5 cxd5 4. Nc3 Nf6 5. Bf4 Nc6 6. e3 e6 7. Rc1 Bd6 8. Bxd6 Qxd6 9. f4 Ne4 10. Nxe4 dxe4 11. Ne2 0-0 12. Nc3 f5 13. Bb5 Bd7 14. Bxc6 Bxc6 15. 0-0 Rac8 16. Qb3 Kh8 17. a3 b6 18. Rf2 Bd5 19. Qa4 Qc6 20. Qxa7 Rc7 21. Qa6 Ra8 22. Qf1 Bc4 23. Qd1 Bd3 24. Na2 Qd7 25. Rxc7 Qxc7 26. Nb4 Bb5 27. Rc2 Qd6 28. Qc1 g5 29. Rc8+ Rxc8 30. Qxc8+ Kg7 31. g3 gxf4 32. gxf4 Qe7 33. Qb8 Be2 34. Qe5+ Kf7 35. d5 Bc4 36. Qxe6+ Qxe6 37. dxe6+ Kxe6 38. Nc6 Bd3 39. Nd4+ Kf6 40. Kf2 Ba6 41. Kg3 Bc8 42. Kh4 Kg6 43. Nc6 Kh6 44. Ne7 Be6 45. Nc6 Kg6 46. Nd4 Bd7 47. b3 b5 48. Ne2 Be8 49. Nc3 h6 50. a4 bxa4 51. bxa4 Kf6 1-0

[Event "San Cristobal op"]
[Site "San Cristobal"]
[Date "1998.??.??"]
[Round "4"]
[White "Ferreira, Oscar"]
[Black "Peralta, Eduardo"]
[Result "1/2-1/2"]
[WhiteElo "2290"]
[BlackElo "2330"]
[PlyCount "20"]
[EventDate "1998.05.??"]
[EventType "swiss"]
[EventRounds "7"]
[EventCountry "PAR"]
[SourceTitle "EXT 2001"]
[Source "ChessBase"]
[SourceDate "2000.11.22"]
[SourceVersion "1"]
[SourceVersionDate "2000.11.22"]
[SourceQuality "1"]

1. e4 e5 2. Nf3 Nc6 3. Bb5 a6 4. Ba4 Nf6 5. 0-0 b5 6. Bb3 Be7 7. Re1 d6 8. c3 0-0 9. h3 Re8 10. Ng5 Rf8 1/2-1/2

[Event "Mexico City op"]
[Site "Mexico City"]
[Date "1991.??.??"]
[Round "3"]
[White "Ferreira, Oscar"]
[Black "Sunye Neto, Jaime"]
[Result "1-0"]
[WhiteElo "2275"]
[BlackElo "2475"]
[PlyCount "75"]
[EventDate "1991.07.??"]
[EventType "swiss"]
[EventRounds "11"]
[EventCountry "MEX"]
[SourceTitle "TD"]
[Source "ChessBase"]
[SourceDate "1994.03.01"]
[SourceVersion "1"]
[SourceVersionDate "1994.03.01"]
[SourceQuality "1"]

1. e4 c5 2. Nf3 d6 3. d4 cxd4 4. Nxd4 Nf6 5. Nc3 a6 6. Bc4 e6 7. Bb3 b5 8. 0-0 Bb7 9. Bg5 Nbd7 10. Re1 h6 11. Bh4 g5 12. Bg3 Ne5 13. Qe2 Be7 14. Rad1 Qb6 15. Nf3 Qc7 16. Nd4 b4 17. Ba4+ Kf8 18. Nb1 Bxe4 19. Nd2 Bd5 20. Nf1 Nc4 21. Bc6 Bxc6 22. Qxc4 Rc8 23. Rxe6 Qd7 24. Ree1 Bf3 25. Qxb4 Bxd1 26. Rxd1 Ne4 27. Ne3 Rc5 28. Nb3 Qe6 29. Nxc5 dxc5 30. Qc4 Bf6 31. Qxe6 fxe6 32. Nc4 Kf7 33. Rd7+ Kg6 34. Be5 Rf8 35. f3 Bxe5 36. Nxe5+ Kf5 37. Nc6 Nf6 38. g4+ 1-0